| 000 | 00738 a2200205 4500 | ||
|---|---|---|---|
| 001 | 27320 | ||
| 005 | 20260407155549.0 | ||
| 008 | 260407a1969 arg spa d | ||
| 003 | AR-UNSa-BCEJYS | ||
| 040 |
_aAR-UNSa-BCEJYS _bspa _cAR-UNSa-BCEJYS |
||
| 080 |
_a658.5 _xPlanificación y control de la producción |
||
| 245 | 1 | 0 | _aPlaneación estratégica de la producción |
| 264 | 1 |
_aMéxico : _bEditora Técnica _c1969 |
|
| 300 |
_a235 p. _c24 cm. |
||
| 505 | _a1. Función - 2. Preguntas - 3. Objetivos - 4. Estrategia - 5. Economía - 6. Animación - 7. Automatización - 8. Acción - 9. Reflexiones. | ||
| 942 | _cBK | ||
| 590 | _aniveau_biblio:m niveau_hierar:0 | ||
| 100 | 1 | _aFaulhaber, Thomas A. | |
| 700 | 1 | _aAllende, Bernardo de | |
| 999 |
_c1579 _d1579 |
||